Top 5 Largest States per Census Region - Statistics

General Stats
  • This quiz has been taken 26 times
  • The average score is 17 of 20
Answer Stats
Answer % Correct
Florida
100%
Texas
100%
Alaska
95%
Arizona
95%
California
95%
Georgia
95%
Montana
90%
New York
90%
Kansas
86%
Maine
86%
Minnesota
86%
New Mexico
86%
Michigan
81%
Nebraska
81%
Pennsylvania
81%
South Dakota
81%
Massachusetts
76%
Oklahoma
76%
North Carolina
71%
Vermont
71%
No matching quizzes found
Score Distribution
Percent of People with Each Score
Percentile by Number Answered
Your Score History
You have not taken this quiz